LEADER 05924nam 2200601 450 001 9910258751203321 005 20210828004529.0 010 $a3-11-047378-X 024 7 $a10.1515/9783110473780 035 $a(CKB)3710000000844766 035 $a(DE-B1597)463775 035 $a(OCoLC)979751242 035 $a(OCoLC)980193241 035 $a(DE-B1597)9783110473780 035 $a(Au-PeEL)EBL4810088 035 $a(CaPaEBR)ebr11349284 035 $a(OCoLC)974584804 035 $a(MiAaPQ)EBC4810088 035 $a(EXLCZ)993710000000844766 100 $a20190125d2016 uy 0 101 0 $aeng 135 $aurcnu|||||||| 181 $ctxt$2rdacontent 182 $cc$2rdamedia 183 $acr$2rdacarrier 200 04$aThe psychology of social networking $epersonal experience in online communities /$fGiuseppe Riva, Brenda K. Wiederhold, Pietro Cipresso (editors) ; managing editor, Aneta Przepiorka ; language editor, Matthew Coleshill 210 1$aWarsaw ;$aBerlin :$cDe Gruyter Open,$d2016. 215 $a1 online resource (213 pages) 300 $apa? omslaget: The psychology of social networking, Volume 1. 311 $a3-11-047377-1 327 $tFrontmatter --$tContents --$tList of Contributing Authors --$tIntroduction /$rRiva, Giuseppe / Wiederhold, Brenda K. / Cipresso, Pietro --$t1. Psychology Of Social Media: From Technology To Identity /$rRiva, Giuseppe / Wiederhold, Brenda K. / Cipresso, Pietro --$t2. Peer and Professional Online Support for Parents /$rNieuwboer, C.C. / Fukkink, R.G. --$t3. Online Counseling for Migrant Workers: Challenges and Opportunities /$rHechanova, Ma. Regina M. / Tuliao, Antover P. / Alianan, Arsenio S. / Teh, Lota --$t4. Using Facebook: Good for Friendship But Not So Good for Intimate Relationships /$rHammond, Ron / Chou, Hui-Tzu Grace --$t5. Communicatively Integrated Model of Online Community: A Conceptual Framework and Empirical Validation on a Case of a Health- Related Online Community /$rPetri?, Gregor --$t6. Effects of Network Connections on Deception and Halo Effects in Linkedin /$rGuillory, Jamie E. / Hancock, Jeffrey T. --$t7. The Dark Side of Social Networking Sites in Romantic Relationships /$rFox, Jesse --$t8. Making and Keeping the Connection: Improving Consumer Attitudes and Engagement in E-Mental Health Interventions /$rCasey, Leanne M. / Clough, Bonnie A. --$t9. Intersubjectivity in Video Interview /$rHaddouk, Lise --$t10. Ethical and Regulatory Considerations For Social Media Research /$rMoreno, Megan / Goniu, Natalie / Moreno, Peter / Diekema, Doug --$t11. Media Theories and the Facebook Influence Model /$rMoreno, Megan A / Koff, Rosalind --$t12. Social Networking and Romantic Relationships: A Review of Jealousy and Related Emotions /$rMuscanell, Nicole / Guadagno, Rosanna --$t13. What is Lurking? A Literature Review of Research on Lurking /$rEdelmann, Noella --$t14. Can Social Media Photos Influence College Students' Sexual Health Behaviors? /$rYoung, Sean D. / Jordan, Alexander H. --$t15. Social Networks as a Communication Tool from Children's Perspective: A Twitter Experience /$rGunuc, Selim / Misirli, Ozge / Odabasi, H. Ferhan --$t16. The Influence of Extraversion on Individuals' SNS Use /$rDeng, Shengli --$tList of Figures --$tList of Tables 330 $aUsing a novel approach to consider the available literature and research, this book focuses on the psychology of social media based on the assumption that the experience of being in a social media has an impact on both our identity and social relationships. In order to 'be online', an individual has to create an online presence - they have to share information about themselves online. This online self is presented in different ways, with diverse goals and aims in order to engage in different social media activities and to achieve desired outcomes. Whilst this may not be a real physical presence, that physicality is becoming increasingly replicated through photos, video, and ever-evolving ways of defining and describing the self online. Moreover, individuals are using both PC-based and mobile-based social media as well as increasingly making use of photo and video editing tools to carefully craft and manipulate their online self. This book therefore explores current debates in Cyberpsychology, drawing on the most up-to-date theories and research to explore four main aspects of the social media experience (communication, identity, presence and relationships). In doing so, it considers the interplay of different areas of psychological research with current technological and security insight into how individuals create, manipulate and maintain their online identity and relationships. The social media are therefore at the core of every chapter, with the common thread throughout being the very unique approach to considering diverse and varied online behaviours that may not have been thus far considered from this perspective. It covers a broad range of both positive and negative behaviours that have now become integrated into the daily lives of many westernised country's Internet users, giving it an appeal to both scholarly and industry readers alike. 606 $aOnline social networks$xPsychological aspects 610 $aBehavior. 610 $aMedia Modeling. 610 $aMedia psychology. 610 $aSNSs. 610 $aSocial Networking. 615 0$aOnline social networks$xPsychological aspects. 676 $a302.30285 700 $aRiva$b Giuseppe, $4aut$4http://id.loc.gov/vocabulary/relators/aut$080682 702 $aRiva$b Giuseppe 702 $aWiederhold$b B. K. 702 $aCipresso$b Pietro 702 $aPrzepio?rka$b Aneta 702 $aColeshill$b Matthew 801 0$bMiAaPQ 801 1$bMiAaPQ 801 2$bMiAaPQ 906 $aBOOK 912 $a9910258751203321 996 $aThe Psychology of Social Networking$92229170 997 $aUNINA LEADER 04234nam 22009015 450 001 9910957855703321 005 20180829125105.0 010 $a9786612671913 010 $a9781282671911 010 $a128267191X 010 $a9780230244955 010 $a0230244955 024 7 $a10.1057/9780230244955 035 $a(CKB)2670000000031933 035 $a(EBL)555608 035 $a(OCoLC)650307516 035 $a(SSID)ssj0000427885 035 $a(PQKBManifestationID)12130170 035 $a(PQKBTitleCode)TC0000427885 035 $a(PQKBWorkID)10406619 035 $a(PQKB)10511354 035 $a(SSID)ssj0001619151 035 $a(PQKBManifestationID)16348679 035 $a(PQKBTitleCode)TC0001619151 035 $a(PQKBWorkID)14920331 035 $a(PQKB)11693669 035 $a(DE-He213)978-0-230-24495-5 035 $a(MiAaPQ)EBC555608 035 $a(Perlego)3503738 035 $a(EXLCZ)992670000000031933 100 $a20151124d2009 u| 0 101 0 $aeng 135 $aur|n|---||||| 181 $ctxt 182 $cc 183 $acr 200 10$aSecuritizing Immigration $eThe Politics of Risk in the EU /$fby Rens van Munster 210 1$aLondon :$cPalgrave Macmillan UK :$cImprint: Palgrave Macmillan,$d2009. 215 $a1 online resource (188 p.) 225 1 $aPalgrave Studies in International Relations 300 $aDescription based upon print version of record. 311 08$a9781349299171 311 08$a1349299170 311 08$a9780230200067 311 08$a0230200060 320 $aIncludes bibliographical references and index. 327 $aMachine generated contents note: Introduction * Immigration and the Emergence of a European Threat Environment * The Maastricht Treaty: The Formalization of the Immigration/Security Nexus * Amsterdam and Beyond: Immigration and the Establishment of an AFSJ * Freedom, Mobility and Abjection: The Management of Immigration Risk in the AFSJ * Unmaking Security, Remaking Belonging * Conclusion: The EU as an Area of Security, Security and-- Security Introduction * Immigration and the Emergence of a European Threat Environment * The Maastricht Treaty: The Formalization of the Immigration/Security Nexus * Amsterdam and Beyond: Immigration and the Establishment of an AFSJ * Freedom, Mobility and Abjection: The Management of Immigration Risk in the AFSJ * Unmaking Security, Remaking Belonging * Conclusion: The EU as an Area of Security, Security and-- Security. 330 $aSecuritizing Immigration deals with the growing concern for immigration as a matter of security at the EU level. It combines an analysis of the way bureaucratic and political processes have interacted in the integration process with an analysis of how these practices are located in a context shaped by the preoccupation with risk. 410 0$aPalgrave Studies in International Relations 606 $aInternational relations 606 $aEuropean Union 606 $aMigration 606 $aCulture-Study and teaching 606 $aPolitical science 606 $aInternational Relations$3http://scigraph.springernature.com/things/product-market-codes/912000 606 $aEuropean Union Politics$3http://scigraph.springernature.com/things/product-market-codes/911140 606 $aMigration$3http://scigraph.springernature.com/things/product-market-codes/X24000 606 $aRegional and Cultural Studies$3http://scigraph.springernature.com/things/product-market-codes/411000 606 $aPolitical Science$3http://scigraph.springernature.com/things/product-market-codes/911000 615 0$aInternational relations. 615 0$aEuropean Union. 615 0$aMigration. 615 0$aCulture-Study and teaching. 615 0$aPolitical science. 615 14$aInternational Relations. 615 24$aEuropean Union Politics. 615 24$aMigration. 615 24$aRegional and Cultural Studies. 615 24$aPolitical Science. 676 $a325.4 700 $aMunster$b Rens van$f1977-$01470228 801 0$bMiAaPQ 801 1$bMiAaPQ 801 2$bMiAaPQ 906 $aBOOK 912 $a9910957855703321 996 $aSecuritizing Immigration$94328867 997 $aUNINA